00754nam a2200205 i 450000100060000000300090000600500170001500700030003200800410003510000360007624501190011225000150023126000330024630000300027970000310030970000370034085200320037799900170040995201220042625307ES-MaACL20230906153232.0t|021223s1963 sp ||||1| spa d1 aArandes Adán, Ramón.92229610aAfecciones de la vía biliar principal / cpor R. Arandes Adán... J. Ballester Peris... R.P. Alcade González. a[1ª ed.]. aBarcelona : bJims, c[1963] a844 p. : bil. ; c26 cm.1 aBallester Peris, J.9250221 aAlcalde González, R. P.919486 aES-MaACLjC-23595 bR.52534 c25307d25307 00104070aATENEOMbATENEOMcDEPO2d2008-01-17eSCl0oC-23595p1026091r2023-02-23 00:00:00w2023-02-23yMONOGRAFIA